Music Quiz

Random Music or Album Quiz

Names of A7X Albums Quiz Stats

 Plays Quiz not verified by Sporcle

Support Sporcle.
Go Orange.
Score 0/5 Timer 02:00
0 Plays Today
Year Album % Correct
2010Nightmare
98%
2007Avenged Sevenfold
94.7%
2005City of Evil
94.7%
2003Waking the Fallen
89.3%
2001Sounding the Seventh Trumpet
87.8%

You're not logged in!

Compare scores with friends on all Sporcle quizzes.
OR
Log In

From the Vault

Female TV Characters 7-to-1

by samc67

My mother always used to say: "The older you get, the better you get, unless you're a banana."
Remove Ads.
Support Sporcle.
Get the best of Sporcle when you Go Orange. This ad-free experience offers more features, more stats, and more fun while also helping to support Sporcle. Thank you for becoming a member.

Show Comments

Extras

Top Quizzes Today


Score Distribution

Your Account Isn't Verified!

In order to create a playlist on Sporcle, you need to verify the email address you used during registration. Go to your Sporcle Settings to finish the process.

Report this User

Report this user for behavior that violates our Community Guidelines.

Details: